01404 a2200181 45000010006000000050017000060080041000230030015000640400040000790800140001192450107002590200018003662640039003843000019004235050751004420410008011931000021012014317020260407155715.0260407a1992 arg spa dAR-UNSa-BCEJYS aAR-UNSa-BCEJYSbspacAR-UNSa-BCEJYS a504.03xAspectos sociales y socioeconómicos del impacto del hombre sobre el medio ambiente. Ecología social ( Economía ambiental)10aLa situación en el mundo 1992pun informe del Worldwatch Institute sobre desarrollo y medio ambiente a950-07-0766-7 1aBuenos Aires :bSudamericanac1992 a370 p.c22 cm. a1. La negación en esta década decisiva / Sandra Postel - 2. La conservación de la diversidad biológica / John C. Ryan - 3. Puente hacia un modelo energético sostenible / Christopher Flavin - 4. Haciendo frente a los residuos nucleares / Nicholas Lenssen - 5. La reforma de la economía ganadera / Alan Thein Durning y Holly B. Brough - 6. La mejora de la salud reproductiva de la mujer / Jodi L. Jacobson - 7. La Tierra convertid en una gran mina / John E. Young - 8. Nuevas formas para las ciudades / Marcia D. Lowe - 9. Creación de empleos sostenibles en países industrializados / Michael Renner - 10. Una acción de gobierno global para el medio ambiente / Hilary F. French - 11. La revolución ecológica / Lester R. Brown.  aspa1 aBrown, Lester R.